[Event "AUTO-OPEN-856"]
[Site "http://www.queenalice.com/game.php?id=360021"]
[Date "2008.2.24"]
[Round "2"]
[White "eliskases"]
[Black "filatelista"]
[Result "0-1"]
[WhiteElo "1885"]
[BlackElo "2241"]

1. d4 d5 2. c4 c6 3. cxd5 cxd5 4. Nc3 Nf6 5. Nf3 Nc6 6. Bf4 a6 7. e3 Bg4 8. Be2
e6 9. O-O Be7 10. Ne5 Bxe2 11. Qxe2 O-O 12. h3 h6 13. Rac1 Rc8 14. a3 Nxe5 15.
Bxe5 b5 16. Bxf6 Bxf6 17. Rc2 Be7 18. Rfc1 Qd7 19. Qf3 Rc4 20. Qe2 Rfc8 21. Qd3
Bf6 22. b3 R4c7 23. b4 Rc4 24. Ne2 g6 0-1

[Event "AUTO-OPEN-872"]
[Site "http://www.queenalice.com/game.php?id=361194"]
[Date "2008.2.26"]
[Round "2"]
[White "Rafale2000"]
[Black "eliskases"]
[Result "1-0"]
[WhiteElo "1920"]
[BlackElo "1960"]

1. e4 e6 2. d4 d5 3. exd5 exd5 4. Nf3 Bg4 5. Be2 Nf6 6. O-O Be7 7. Bg5 O-O 8. c3
c6 9. Nbd2 Re8 10. h3 Bh5 11. Re1 Nbd7 12. Ne5 Bxe2 13. Rxe2 Nxe5 14. Rxe5 Bd6
15. Rxe8+ Qxe8 16. Bxf6 gxf6 17. Nf3 Kh8 18. Nh4 Qe4 19. Qg4 Re8 20. Qxe4 Rxe4
21. Nf5 Bf8 22. Kf1 h5 23. Ng3 Re6 24. Nxh5 Bd6 25. Re1 Kh7 26. Rxe6 1-0

[Event "AUTO-OPEN-872"]
[Site "http://www.queenalice.com/game.php?id=361195"]
[Date "2008.2.26"]
[Round "2"]
[White "eliskases"]
[Black "Rafale2000"]
[Result "1/2-1/2"]
[WhiteElo "1938"]
[BlackElo "1965"]

1. d4 Nf6 2. c4 c5 3. d5 b5 4. e3 bxc4 5. Bxc4 Ba6 6. Na3 g6 7. Nf3 Bg7 8. O-O
O-O 9. Re1 d6 10. Bd2 Ne4 11. Bxa6 Nxa6 12. Rb1 Nxd2 13. Qxd2 Qd7 14. Nc4 Rfb8
15. b3 Nc7 16. Rbd1 a5 17. Nxa5 Rb5 18. Nc4 Na6 19. e4 Nc7 20. e5 h6 21. Qe3
Rxa2 22. exd6 exd6 23. Rd3 Rb8 24. Qe7 Rd8 25. h4 Qxe7 26. Rxe7 Nb5 27. Nfd2 Kf8
28. Rb7 Nd4 29. Re3 Nf5 30. Re4 Bc3 31. Nf3 Bg7 32. g4 Nd4 33. Nxd4 Bxd4 34. Rf4
f6 35. Kg2 Ke8 36. Rh7 g5 37. hxg5 hxg5 38. Re4+ Be5 39. Nxe5 dxe5 40. Rh8+ Ke7
41. Rxd8 Kxd8 42. Rc4 Ra5 43. Kf3 Kd7 44. Ke4 Ra3 45. Rc3 c4 46. Rxc4 Rxb3 47.
f3 Ke7 48. Rc7+ 1/2-1/2

[Event "AUTO-OPEN-872"]
[Site "http://www.queenalice.com/game.php?id=361200"]
[Date "2008.2.26"]
[Round "2"]
[White "eliskases"]
[Black "Parma"]
[Result "0-1"]
[WhiteElo "1977"]
[BlackElo "1954"]

1. d4 d5 2. c4 e6 3. Nc3 Bb4 4. Bd2 Bxc3 5. Bxc3 Nf6 6. e3 O-O 7. Nf3 c6 8. Bd3
h6 9. O-O a6 10. c5 b5 11. Qd2 a5 12. Ne5 b4 13. Bxb4 axb4 14. Qxb4 Ba6 15. Bxa6
Rxa6 16. a4 Nfd7 17. Nd3 Qc7 18. b3 e5 19. Qc3 e4 0-1

[Event "AUTO-OPEN-872"]
[Site "http://www.queenalice.com/game.php?id=361201"]
[Date "2008.2.26"]
[Round "2"]
[White "Parma"]
[Black "eliskases"]
[Result "1-0"]
[WhiteElo "1956"]
[BlackElo "1916"]

1. d4 d5 2. c4 dxc4 3. e3 Nf6 4. Bxc4 e6 5. Nf3 c5 6. O-O Nc6 7. Qa4 Bd7 8. Bb5
cxd4 9. Bxc6 Bxc6 10. Qxd4 Bxf3 11. Qxd8+ Rxd8 12. gxf3 Bb4 13. a3 Ba5 14. b4
Bb6 15. Bb2 Ke7 16. Nc3 Rd2 17. Na4 Rhd8 18. Bxf6+ Kxf6 19. Nxb6 axb6 20. h4 h5
21. Kg2 R8d3 22. Kg3 Rc3 23. b5 Rb3 24. a4 Rb4 25. Rfb1 Rdb2 26. Rxb2 Rxb2 27.
Rd1 Rb4 28. Rd7 Rxa4 29. Rxb7 Rb4 30. Rxb6 g6 31. Rb7 e5 32. f4 exf4+ 33. exf4
Rb3+ 34. f3 Rb4 35. b6 Rb5 36. Kf2 Rb3 37. Ke2 1-0

[Event "AUTO-OPEN-822"]
[Site "http://www.queenalice.com/game.php?id=363127"]
[Date "2008.2.29"]
[Round "2"]
[White "eliskases"]
[Black "vininb"]
[Result "0-1"]
[WhiteElo "1931"]
[BlackElo "1799"]

1. d4 d5 2. c4 e6 3. Nc3 Nf6 4. Bg5 Be7 5. e3 dxc4 6. Bxc4 O-O 7. Nf3 Nbd7 8.
O-O h6 9. Bf4 c5 10. dxc5 Nxc5 11. Qe2 Qb6 12. b3 Rd8 13. Nb5 a6 14. Nbd4 Bd6
15. Bxd6 Qxd6 16. Rfd1 b5 17. Bd3 Bb7 18. Bc2 Bxf3 19. Qxf3 Qd5 20. Qxd5 Rxd5
21. b4 Nce4 22. Bb3 Rd6 23. Rac1 Rad8 24. f3 e5 25. Nf5 Rxd1+ 26. Rxd1 Rxd1+ 27.
Bxd1 Nc3 28. Bb3 Nfd5 29. Bxd5 Nxd5 30. a3 Kf8 31. e4 Nc3 32. Ne3 Ke7 33. Kf2
Ke6 34. Nc2 f5 35. Ke3 g5 36. Kd3 Nb1 37. h3 h5 38. g4 fxe4+ 39. Kxe4 Nc3+ 40.
Ke3 hxg4 41. hxg4 Kd5 42. Kd3 Nd1 43. Ne3+ Nxe3 44. Kxe3 Kc4 45. Ke4 Kb3 46.
Kxe5 Kxa3 47. f4 gxf4 0-1

[Event "AUTO-OPEN-822"]
[Site "http://www.queenalice.com/game.php?id=363128"]
[Date "2008.2.29"]
[Round "2"]
[White "vininb"]
[Black "eliskases"]
[Result "1-0"]
[WhiteElo "1755"]
[BlackElo "1939"]

1. e4 e6 2. d4 d5 3. e5 c5 4. Bb5+ Bd7 5. Nc3 cxd4 6. Qxd4 Nc6 7. Bxc6 bxc6 8.
Nf3 c5 9. Qg4 Ne7 10. Bg5 Qa5 11. Bxe7 Bxe7 12. Qxg7 Rf8 13. O-O d4 14. Ne2 Bc6
15. Qxh7 Kd7 16. Qd3 Rg8 17. Kh1 Rg6 18. c3 Rag8 19. Ng3 Rh8 20. cxd4 Bxf3 21.
Qxf3 cxd4 22. Qb7+ Ke8 23. Qc8+ Bd8 24. Qc4 Qxe5 25. Rae1 Qg7 26. Qa4+ Kf8 27.
Qb4+ Ke8 28. Qa4+ Kf8 29. Qb4+ Ke8 30. Qa4+ Kf8 31. Qxa7 e5 32. Qb8 Qf6 33. Qxe5
Rxh2+ 34. Kxh2 Rh6+ 35. Kg1 Qh4 36. Qe8+ 1-0

[Event "AUTO-OPEN-822"]
[Site "http://www.queenalice.com/game.php?id=363129"]
[Date "2008.2.29"]
[Round "2"]
[White "eliskases"]
[Black "jonathanodonnell"]
[Result "1-0"]
[WhiteElo "1941"]
[BlackElo "1866"]

1. d4 d5 2. c4 c6 3. cxd5 cxd5 4. Nc3 Bf5 5. Bf4 Nc6 6. Nf3 e6 7. e3 Bd6 8. Bxd6
Qxd6 9. Bb5 Ne7 10. Ne5 O-O 11. Bxc6 Nxc6 12. Nxc6 Qxc6 13. O-O Rac8 14. Rc1 Qd7
15. h3 Rc6 16. Ne2 Rfc8 17. Qd2 R8c7 18. Rxc6 Rxc6 19. Rc1 f6 20. Rxc6 bxc6 21.
Qb4 e5 22. dxe5 fxe5 23. Qb8+ Kf7 24. Qxe5 h5 25. Nd4 Bd3 26. Qxh5+ g6 27. Qh7+
Ke8 28. Qxd7+ Kxd7 29. h4 1-0

[Event "AUTO-OPEN-822"]
[Site "http://www.queenalice.com/game.php?id=363130"]
[Date "2008.2.29"]
[Round "2"]
[White "jonathanodonnell"]
[Black "eliskases"]
[Result "0-1"]
[WhiteElo "1847"]
[BlackElo "1902"]

1. e4 e6 2. e5 d5 3. f4 c5 4. Nf3 Nc6 5. d4 Qb6 6. c3 cxd4 7. cxd4 Bb4+ 8. Bd2
Nxd4 9. Nxd4 Qxd4 10. Bxb4 Qxb4+ 11. Qd2 Qxd2+ 12. Nxd2 Bd7 13. a4 a6 14. b4 Rc8
15. Be2 Ne7 16. O-O Nf5 17. Nb3 Ne3 18. Rf3 Nc4 19. Rc3 O-O 20. Nc5 Rc7 21. Nxd7
Rxd7 22. Rac1 b5 23. a5 f6 24. Bg4 f5 25. Be2 Rfd8 26. g4 g6 27. Kg2 Kf7 28. Kg3
fxg4 29. Kxg4 h6 30. Bd3 Kg7 31. h4 Ne3+ 32. Kf3 Nc4 33. Bb1 Nd2+ 34. Kg4 Nxb1
35. Rxb1 d4 36. Rd3 Rc7 37. h5 Rc4 38. Rbb3 gxh5+ 39. Kxh5 Rc2 40. Rg3+ Kf7 41.
Kxh6 Rh2+ 0-1

[Event "AUTO-OPEN-905"]
[Site "http://www.queenalice.com/game.php?id=365521"]
[Date "2008.3.4"]
[Round "2"]
[White "eliskases"]
[Black "junelorena"]
[Result "0-1"]
[WhiteElo "1881"]
[BlackElo "1413"]

1. d4 Nf6 2. c4 d5 3. cxd5 c6 4. dxc6 Nxc6 5. Nf3 e6 6. Bg5 Be7 7. e3 Ne4 8.
Bxe7 Qxe7 9. Nc3 Nd6 10. Be2 O-O 11. O-O f6 12. d5 Nd8 13. dxe6 Bxe6 14. Rc1 a6
15. Nd4 Bf7 16. Bf3 Rc8 0-1

[Event "AUTO-OPEN-905"]
[Site "http://www.queenalice.com/game.php?id=365522"]
[Date "2008.3.4"]
[Round "2"]
[White "junelorena"]
[Black "eliskases"]
[Result "1-0"]
[WhiteElo "1696"]
[BlackElo "1916"]

1. d4 d5 2. Nc3 Nf6 3. e4 dxe4 4. f3 exf3 5. Nxf3 c5 6. Bb5+ Bd7 7. dxc5 Nc6 8.
O-O e6 9. Qe1 Be7 10. Bd3 Bxc5+ 11. Kh1 O-O 12. Qh4 Nb4 13. Ng5 Nxd3 14. Rxf6
1-0

[Event "AUTO-OPEN-905"]
[Site "http://www.queenalice.com/game.php?id=365523"]
[Date "2008.3.4"]
[Round "2"]
[White "eliskases"]
[Black "lelinho"]
[Result "0-1"]
[WhiteElo "1897"]
[BlackElo "1988"]

1. d4 Nf6 2. c4 g6 3. Nc3 Bg7 4. e4 d6 5. Nf3 O-O 6. Be2 c6 7. O-O Na6 8. h3 Nc7
9. Qc2 e5 10. dxe5 dxe5 11. Nxe5 Re8 12. f4 Ne6 13. Be3 Nd7 14. Nxd7 Bxd7 15.
Rad1 Qe7 16. f5 Nc5 17. Bf3 gxf5 18. Rxd7 Nxd7 19. Bc1 Bd4+ 20. Kh1 fxe4 21.
Nxe4 Rad8 22. Bg5 f6 23. Bf4 Be5 24. Bh6 Nc5 25. Nxc5 Qxc5 26. Be4 Re7 0-1

[Event "AUTO-OPEN-905"]
[Site "http://www.queenalice.com/game.php?id=365524"]
[Date "2008.3.4"]
[Round "2"]
[White "lelinho"]
[Black "eliskases"]
[Result "1-0"]
[WhiteElo "1975"]
[BlackElo "1910"]

1. d4 d5 2. c4 e6 3. Nc3 Nf6 4. Bg5 Be7 5. Nf3 O-O 6. e3 c6 7. a3 Nbd7 8. cxd5
exd5 9. Rc1 Re8 10. Bd3 h6 11. Bh4 Nf8 12. Ne5 Be6 13. Bb1 b5 14. Nxc6 Qd6 15.
Nxe7+ Qxe7 16. Nxb5 Rec8 17. O-O Rxc1 18. Qxc1 Rc8 19. Qd1 g5 20. Bg3 Ne4 21.
Bxe4 dxe4 22. Nd6 Rc6 23. Nxe4 Bc4 24. Nc5 Bxf1 25. Kxf1 Ne6 26. b4 Nc7 27. d5
1-0

[Event "AUTO-OPEN-823"]
[Site "http://www.queenalice.com/game.php?id=367460"]
[Date "2008.3.8"]
[Round "2"]
[White "dac"]
[Black "eliskases"]
[Result "1-0"]
[WhiteElo "2061"]
[BlackElo "1810"]

1. e4 e6 2. d4 d5 3. Nd2 Nf6 4. Bd3 dxe4 5. Nxe4 Be7 6. Nxf6+ Bxf6 7. Nf3 O-O 8.
c3 b6 9. Be4 c6 10. Bf4 Bb7 11. h4 Nd7 12. Bxh7+ 1-0

[Event "AUTO-OPEN-823"]
[Site "http://www.queenalice.com/game.php?id=367461"]
[Date "2008.3.8"]
[Round "2"]
[White "eliskases"]
[Black "dac"]
[Result "0-1"]
[WhiteElo "1804"]
[BlackElo "2067"]

1. d4 c5 2. d5 d6 3. c4 g6 4. Nc3 Bg7 5. e4 Nf6 6. Nf3 O-O 7. Be2 Qb6 8. O-O Na6
9. Rb1 Bd7 10. Bf4 h6 11. Qd2 g5 12. Bg3 Nh5 0-1

[Event "AUTO-OPEN-823"]
[Site "http://www.queenalice.com/game.php?id=367464"]
[Date "2008.3.8"]
[Round "2"]
[White "tewald"]
[Black "eliskases"]
[Result "0-1"]
[WhiteElo "1816"]
[BlackElo "1891"]

1. e4 e6 2. d4 d5 3. e5 c5 4. c3 Nc6 5. f4 cxd4 6. cxd4 Qb6 7. Nc3 Qxd4 8. Qxd4
Nxd4 9. Bd3 Bd7 10. Nge2 Bc5 11. Nxd4 Bxd4 12. Bd2 Ne7 13. Rb1 a6 14. Ne2 Bb6
15. Nc3 Bc6 16. Nd1 f5 17. g3 d4 18. O-O h5 19. b3 h4 20. Be1 h3 21. a4 Bg2 22.
Rf2 Nd5 23. a5 Ba7 24. Nb2 Rc8 25. Nc4 Ne3 26. Rc1 O-O 27. Bd2 Nxc4 28. bxc4 b5
29. Bb4 Rfd8 30. c5 Rc6 31. Bf1 Bxf1 32. Kxf1 d3 33. Rd2 Rd4 34. Bc3 Rc4 35.
Rxd3 Bxc5 36. Ke1 Ba3 37. Rc2 b4 0-1

[Event "AUTO-OPEN-823"]
[Site "http://www.queenalice.com/game.php?id=367465"]
[Date "2008.3.8"]
[Round "2"]
[White "eliskases"]
[Black "tewald"]
[Result "1-0"]
[WhiteElo "1904"]
[BlackElo "1818"]

1. d4 Nf6 2. c4 c5 3. d5 d6 4. Nc3 e6 5. e4 Be7 6. Nf3 O-O 7. Be2 a6 8. a4 exd5
9. cxd5 b6 10. O-O Nbd7 11. Bf4 Bb7 12. e5 dxe5 13. Nxe5 Nxe5 14. Bxe5 Nxd5 15.
Qc2 Nxc3 16. Qxc3 Bf6 17. Bxf6 Qxf6 18. Qxf6 gxf6 19. Rfd1 h6 20. Rd6 Rae8 21.
Bc4 Kg7 22. Rxb6 Rb8 23. a5 Rfd8 24. b3 Rd2 25. Kf1 Rd7 26. Re1 Rg8 27. f3 Kg6
28. Kf2 h5 29. h4 Kf5 30. Re2 Bc8 31. Rc6 Kg6 32. Rxc5 Rdd8 33. Rc7 Rg7 34. Ree7
Rf8 35. Bd3+ Kh6 36. Ra7 f5 37. Bxa6 1-0